| 000 | 00966nam a22002177a 4500 | ||
|---|---|---|---|
| 999 |
_c5564 _d5564 |
||
| 003 | AR-CdUCM | ||
| 008 | 190312b ||||| |||| 00| 0 spa d | ||
| 020 | _a9972-601-19-7 | ||
| 040 |
_aMUNICIPALIDAD PROVINCIAL DEL CUSCO _cBIBLIOTECA MUNICIPAL DEL CUSCO |
||
| 082 |
_a985.04 / _bH22 |
||
| 100 |
_aHampe Martínez, Teodoro _93129 |
||
| 245 |
_aFragmentos de la historia moderna : _bEuropa, América y el Perú (75 reseñas bibliográficas) / |
||
| 260 |
_aLima : _bBiblioteca Nacional del Perú, _c1997. |
||
| 300 |
_a359 paginas , _c22 cm. |
||
| 505 | _aLas huellas andinas y la conquista ibérica -- Instituciones y problemas en la madurez virreinal -- El siglo XVIII y la transición a la independencia -- Perspectivas socio-económicas del Perú republicano -- Trayectoria y destino de iberoamerica... | ||
| 650 |
_aLa independencia _91371 |
||
| 650 |
_aViejo Mundo _916668 |
||
| 650 |
_aLiteratura e historia _99668 |
||
| 942 |
_2ddc _cLIBROS |
||
| 945 | _awnts | ||